Cherry Wine - Hozier (All Lyrics) - Statistics

General Stats
  • This quiz has been taken 32 times
  • The average score is 164 of 217
Answer Stats
Lyrics % Correct
I
100%
a
94%
and
94%
And
94%
like
94%
so
94%
cherry
89%
eyes
89%
Her
89%
her
89%
It
89%
it,
89%
The
89%
the
89%
wine
89%
are
83%
as
83%
but
83%
But
83%
is
83%
it's
83%
me
83%
me,
83%
Oh,
83%
Oh
83%
oh,
83%
on
83%
she
83%
sweet
83%
Sweet
83%
all
78%
burns
78%
fire
78%
I'm
78%
or
78%
arm
72%
at
72%
be
72%
don't
72%
have
72%
hers
72%
icy
72%
min
72%
mine
72%
my
72%
not
72%
of
72%
over
72%
rum
72%
tells
72%
That
72%
to
72%
want
72%
way
72%
With
72%
words
72%
around
67%
blood
67%
brother
67%
can
67%
crime
67%
fuss
67%
looks
67%
mama,
67%
other
67%
rare
67%
sheets
67%
she's
67%
shows
67%
some
67%
stains
67%
time
67%
closed
61%
divine
61%
fast
61%
fine
61%
fist,
61%
fist
61%
hand
61%
In
61%
just
61%
most
61%
Open
61%
sleep
61%
thrown
61%
Thrown
61%
throws
61%
ugly,
61%
while
61%
would
61%
angry
56%
breathing
56%
clean
56%
days
56%
freezing
56%
guilty
56%
Hot
56%
powerfully,
56%
this
56%
tide
56%
walk
56%
wire
56%
Calls
50%
merciful,
50%
right
50%
washed
50%
worth
50%
fight
44%
fiery
39%
loves
39%
fury's
28%
No matching quizzes found
Score Distribution
Percent of People with Each Score
Percentile by Number Answered
Your Score History
You have not taken this quiz